Majmua al-ghilat-e-al-lughviah al muasir (Record no. 1048451)

MARC details
000 -LEADER
fixed length control field 00604nam a2200229Ia 4500
003 - CONTROL NUMBER IDENTIFIER
control field OSt
005 - DATE AND TIME OF LATEST TRANSACTION
control field 20221005123758.0
008 - FIXED-LENGTH DATA ELEMENTS--GENERAL INFORMATION
fixed length control field 221004b |||||||| |||| 00| 0 ara d
037 ## - SOURCE OF ACQUISITION
Terms of availability Textual
040 ## - CATALOGING SOURCE
Original cataloging agency CRL
Transcribing agency CRL
Language of cataloging ara
041 ## - LANGUAGE CODE
Source of code ara
Language code of text/sound track or separate title ara
100 ## - MAIN ENTRY--PERSONAL NAME
Personal name Arnani Mohammad Au.
9 (RLIN) 634207
245 #0 - TITLE STATEMENT
Title Majmua al-ghilat-e-al-lughviah al muasir
260 ## - PUBLICATION, DISTRIBUTION, ETC.
Date of publication, distribution, etc. 1986
650 ## - SUBJECT ADDED ENTRY--TOPICAL TERM
Topical term or geographic name entry element DICTIONARIES
942 ## - ADDED ENTRY ELEMENTS (KOHA)
Classification part P,3:4k, 28M6(RR)
Koha item type Textual
Source of classification or shelving scheme
Holdings
Withdrawn status Lost status Damaged status Not for loan Home library Current library Date acquired Total Checkouts Full call number Barcode Date last seen Price effective from Koha item type
        Central Library Central Library 2022-10-05   P,3:4k 28M6(RR) CL1213403 2022-10-05 2022-10-05 Textual
Copyright @ Delhi University Library System